[Event "Budapest"]
[Site "Budapest"]
[Date "1991.??.??"]
[Round "9"]
[White "Novikov, Igor A"]
[Black "Polgar, Sofia"]
[Result "1-0"]
[WhiteElo "2545"]
[BlackElo "2425"]

1.d4 d5 2.c4 e6 3.Nf3 Nf6 4.Nc3 c6 5.Bg5 dxc4 6.e4 b5 7.e5 h6 8.Bh4 g5 9.Nxg5 hxg5
10.Bxg5 Nbd7 11.g3 Qa5 12.exf6 b4 13.Ne4 Ba6 14.b3 Qd5 15.Qc2 cxb3 16.axb3 Bxf1
17.Kxf1 Bh6 18.f4 Bxg5 19.fxg5 O-O 20.Kg2 c5 21.Ra5 Rac8 22.Qe2 Qxb3 23.dxc5 Ne5
24.Rd1 Nc4 25.Rd3 Qb1 26.Rxa7 Ra8 27.Rxa8 Rxa8 28.g6 fxg6 29.Ng5 e5 30.Rd8+  1-0

[Event "Budapest Kasparov"]
[Site "Budapest"]
[Date "1991.??.??"]
[Round "10"]
[White "Polgar, Sofia"]
[Black "Soos, Bela"]
[Result "1/2-1/2"]
[WhiteElo "2425"]
[BlackElo "2340"]

1.e4 e6 2.d4 d5 3.Nc3 dxe4 4.Nxe4 Nd7 5.Nf3 Ngf6 6.Nxf6+ Nxf6 7.Bg5 Be7 8.Bd3 h6
9.Bh4 c5 10.dxc5 Qa5+ 11.c3 Qxc5 12.Qe2 O-O 13.O-O-O Rd8 14.Ne5 Rd5 15.f4 a5
16.Kb1 Rb8 17.c4 Rd8 18.g4 Nd7 19.g5 Nxe5 20.fxe5 hxg5 21.Bf2 Qc7 22.Qh5 Rxd3
23.Rxd3 Bd7 24.Bd4 g6 25.Qh6 Bf8 26.Qxg5 Qxc4 27.Rhd1 Bc6 28.Qe3 a4 29.Rc3 Qd5
30.Rg1 Rd8 31.Bc5 Bg7 32.Re1 Qg2 33.Rc2 Qg4 34.Bd6 Ra8 35.Rf2 Qc4 36.Rf4 Qd5
37.Qd4 Qb5 38.Ref1 Be8 39.a3 Rc8 40.h4 Qb3 41.R4f3 Qc2+ 42.Ka1 Bb5 43.Qf4 Be8
44.Qg5 Bb5 45.Rg1 Bd3 46.h5 Be4 47.Rfg3 Qh2 48.hxg6 Bxg6 49.Qe7 Qxg3 50.Rxg3 Rc1+
51.Ka2 Bb1+ 52.Ka1 Bd3+ 53.Ka2  1/2-1/2

[Event "Budapest"]
[Site "Budapest"]
[Date "1991.??.??"]
[Round "11"]
[White "Rogers, Ian"]
[Black "Polgar, Sofia"]
[Result "1-0"]
[WhiteElo "2545"]
[BlackElo "2425"]

1.c4 e6 2.Nf3 d5 3.b3 a5 4.e3 Nf6 5.Bb2 a4 6.bxa4 Nbd7 7.cxd5 Nxd5 8.Nc3 Nc5
9.Ne5 c6 10.Qh5 Qe7 11.Be2 Nb4 12.O-O g6 13.Qg4 Nd5 14.Qf3 Rg8 15.Rfc1 Bg7
16.Ne4 Nxe4 17.Qxe4 f5 18.Qc2 Qb4 19.Bd1 Nb6 20.Rab1 Qd6 21.Nxc6 Qxc6 22.Qxc6+ bxc6
23.Bxg7 Rxg7 24.Rxb6 e5 25.Rbxc6 Bd7 26.R6c5 e4 27.a5  1-0

[Event "Budapest"]
[Site "Budapest"]
[Date "1991.??.??"]
[Round "12"]
[White "Polgar, Sofia"]
[Black "Blatny, Pavel"]
[Result "0-1"]
[WhiteElo "2425"]
[BlackElo "2495"]

1.e4 e5 2.Nc3 Nf6 3.g3 Bc5 4.Bg2 Nc6 5.Nge2 h5 6.Na4 Be7 7.d4 h4 8.d5 Na5
9.b3 b5 10.Nb2 h3 11.Bf3 d6 12.O-O Bd7 13.c4 c6 14.Nc3 bxc4 15.b4 cxd5 16.exd5 Nb7
17.Be3 Qc8 18.Be2 Ng4 19.Bd2 f5 20.Nxc4 O-O 21.Rc1 Qe8 22.f3 Nf6 23.f4 Bd8
24.Re1 Rc8 25.Be3 Ng4 26.Bxg4 fxg4 27.Qb3 Qg6 28.fxe5 Qd3 29.Nb1 Qe4 30.Qc2 Rxc4
31.Qxe4 Rxe4  0-1

[Event "Budapest Kasparov"]
[Site "Budapest"]
[Date "1991.??.??"]
[Round "13"]
[White "Polgar, Sofia"]
[Black "Spiriev, Peter"]
[Result "1-0"]
[WhiteElo "2425"]
[BlackElo "2285"]

1.e4 c5 2.Nf3 d6 3.d4 cxd4 4.Nxd4 Nf6 5.Nc3 a6 6.Be3 e5 7.Nf3 Qc7 8.a4 Be7
9.a5 O-O 10.Be2 Nc6 11.Bb6 Qd7 12.O-O Bd8 13.Qd3 Bxb6 14.axb6 Qd8 15.Na4 d5
16.Rfd1 Qe7 17.Nd2 Nb4 18.Qa3 Nxe4 19.Nxe4 dxe4 20.c3 Nc6 21.Qxe7 Nxe7 22.Nc5 Ng6
23.g3 f5 24.Bc4+ Kh8 25.Rd6 e3 26.fxe3 f4 27.e4 f3 28.Kf2 Rb8 29.Rad1 Bg4
30.Bf1 Rfe8 31.h3 Bc8 32.Rd8  1-0

[Event "Portoroz/Nova Gorica"]
[Site "Portoroz"]
[Date "1991.??.??"]
[Round "?"]
[White "Polgar, Sofia"]
[Black "Khalifman, Alexander"]
[Result "1/2-1/2"]
[WhiteElo "2425"]
[BlackElo "2640"]

1.e4 e5 2.Nf3 Nc6 3.Bb5 a6 4.Ba4 Nf6 5.O-O Be7 6.Re1 b5 7.Bb3 O-O 8.c3 d5
9.exd5 Nxd5 10.Nxe5 Nxe5 11.Rxe5 c6 12.Bxd5 cxd5 13.d4 Bd6 14.Re3 Qh4 15.h3 Qf4
16.Re5 Qf6 17.Re3 Qf4 18.Re5 Qf6 19.Re3 Qf4  1/2-1/2

[Event "Portoroz/Nova Gorica"]
[Site "Portoroz"]
[Date "1991.??.??"]
[Round "?"]
[White "Polgar, Sofia"]
[Black "Arlandi, Ennio"]
[Result "1/2-1/2"]
[WhiteElo "2425"]
[BlackElo "2400"]

1.e4 e5 2.f4 exf4 3.Bc4 Nf6 4.Nc3 c6 5.Qe2 d5 6.exd5+ Be7 7.d4 Nxd5 8.Nxd5 cxd5
9.Bb5+ Nc6 10.Bxf4 O-O 11.Nf3 Bh4+ 12.Nxh4 Nxd4 13.Qf2 Nxb5 14.O-O Nd6 15.Bxd6 Qxd6
16.Rad1 Qe5 17.c4 Be6 18.cxd5 Bxd5 19.Qc5 Qe4 20.Qxd5 Qxh4 21.Qxb7 Rab8 22.Qxa7 Rxb2
23.Rb1 Rd2 24.Rf2 Rxf2  1/2-1/2

[Event "Portoroz/Nova Gorica"]
[Site "Portoroz"]
[Date "1991.??.??"]
[Round "?"]
[White "Polgar, Sofia"]
[Black "Grosar, Aljosa"]
[Result "1-0"]
[WhiteElo "2425"]
[BlackElo "2370"]

1.e4 c5 2.Nf3 d6 3.d4 cxd4 4.Qxd4 Nc6 5.Bb5 Qd7 6.Bxc6 bxc6 7.O-O e5 8.Qd3 Be7
9.c4 Nf6 10.Nc3 O-O 11.Rd1 Rd8 12.b3 Qe6 13.Bb2 Nh5 14.Ne2 h6 15.Rd2 Qg6
16.Rad1 f5 17.exf5 Bxf5 18.Qc3 e4 19.Nfd4 Bf6 20.Qa5 Bh3 21.Ng3 Nxg3 22.hxg3 e3
23.Nxc6 exd2 24.Bxf6 Qxf6 25.Nxd8 Bg4 26.Qd5+ Kh7 27.Qe4+ Kh8 28.Nf7+ Qxf7
29.Qxa8+ Kh7 30.Rxd2 Qe7 31.Qd5 Qe1+ 32.Kh2 Be6 33.Qxd6 Bf5 34.c5 Be4 35.f3 Bb7
36.Qd3+  1-0

[Event "Portoroz/Nova Gorica"]
[Site "Portoroz"]
[Date "1991.??.??"]
[Round "?"]
[White "Khalifman, Alexander"]
[Black "Polgar, Sofia"]
[Result "1/2-1/2"]
[WhiteElo "2640"]
[BlackElo "2425"]

1.d4 d5 2.c4 e6 3.Nc3 c6 4.Nf3 Nf6 5.cxd5 exd5 6.Bg5 Be7 7.e3 Bf5 8.Bd3 Bxd3
9.Bxf6 Bxf6 10.Qxd3 a5 11.O-O O-O 12.Rad1 Nd7 13.Rfe1 Re8 14.e4 dxe4 15.Nxe4 Nb6
16.Qb3 Be7 17.Ne5 Rf8 18.Nc5 a4 19.Qc2 Qc7 20.Re3  1/2-1/2

[Event "Rimavska Sobota"]
[Site "Rimavska Sobota"]
[Date "1991.??.??"]
[Round "3"]
[White "Gross, Stefan"]
[Black "Polgar, Sofia"]
[Result "0-1"]
[WhiteElo "2435"]
[BlackElo "2425"]

1.Nf3 d5 2.c4 e6 3.d4 Nf6 4.Nc3 c6 5.Qb3 dxc4 6.Qxc4 b5 7.Qb3 Nbd7 8.Bg5 Be7
9.e3 a6 10.Be2 c5 11.O-O c4 12.Qc2 Bb7 13.Rad1 Qc7 14.Bxf6 Bxf6 15.e4 O-O
16.e5 Be7 17.Ne1 b4 18.Ne4 Bd5 19.f4 Qc6 20.Bf3 g6 21.Nf2 Nb6 22.Ng4 Kg7
23.Ne3 Rac8 24.Nxd5 Nxd5 25.g4 f5 26.exf6+ Bxf6 27.Ng2 Qb6 28.Qe4 c3 29.g5 c2
30.gxf6+ Nxf6 31.Qe5 cxd1=Q 32.Rxd1 Rfd8 33.Kh1 Qd6 34.Qg5 Nd5 35.Be4 Rf8
36.Rf1 Rf6 37.h4 Ne7 38.h5 Qxd4 39.Bb1 Rc5  0-1

[Event "Rimavska Sobota"]
[Site "Rimavska Sobota"]
[Date "1991.??.??"]
[Round "4"]
[White "Polgar, Sofia"]
[Black "Lputian, Smbat G"]
[Result "0-1"]
[WhiteElo "2425"]
[BlackElo "2565"]

1.e4 e6 2.d4 d5 3.Nc3 Bb4 4.e5 c5 5.a3 Bxc3+ 6.bxc3 Ne7 7.Qg4 O-O 8.Bd3 Nbc6
9.Qh5 Ng6 10.Nf3 Nce7 11.Ng5 h6 12.Nf3 c4 13.Bxg6 fxg6 14.Qg4 Bd7 15.a4 Qa5
16.Kd2 g5 17.Kd1 Qxc3 18.Ra3 Qb4 19.h4 Rf4 20.Bxf4 gxf4 21.Ra1 Rf8 22.Ke2 Qc3
23.Rac1 Rf5 24.Rhe1 Bxa4 25.Kf1 Be8 26.Qh3 Nc6 27.Ng5 Qxh3 28.Nxh3 Nxd4 29.c3 Nb3
30.Rc2 b5 31.Ng1 a5 32.Nf3 b4 33.Rb1 Rf8  0-1

[Event "Rimavska Sobota"]
[Site "Rimavska Sobota"]
[Date "1991.??.??"]
[Round "5"]
[White "Tseitlin, Mikhail S"]
[Black "Polgar, Sofia"]
[Result "1-0"]
[WhiteElo "2490"]
[BlackElo "2425"]

1.d4 d5 2.c4 e6 3.Nf3 Nf6 4.e3 Nbd7 5.Nbd2 Be7 6.Bd3 O-O 7.O-O c5 8.b3 cxd4
9.exd4 b6 10.Bb2 Bb7 11.Qe2 Rc8 12.Rad1 Qc7 13.Ne5 Rfe8 14.f4 g6 15.Ndf3 Nxe5
16.fxe5 Nd7 17.Qe3 f5 18.Rf2 a6 19.Rc1 Qd8 20.cxd5 Bxd5 21.Bxa6 Ra8 22.Qd3 Bg5
23.Nxg5 Qxg5 24.Rc7 Re7 25.Bc1 Qh4 26.Rc3 Kg7 27.a4 Rd8 28.Qe3 h6 29.Rf4 Qg5
30.Qh3 Qh5 31.Qxh5 gxh5 32.Ba3 Rf7 33.Be2 Nf8 34.Bxh5 Rfd7 35.Bd6 Ra8 36.g4  1-0

[Event "Rimavska Sobota"]
[Site "Rimavska Sobota"]
[Date "1991.??.??"]
[Round "6"]
[White "Polgar, Sofia"]
[Black "Poley, Vladimir"]
[Result "1/2-1/2"]
[WhiteElo "2425"]
[BlackElo "2445"]

1.e4 g6 2.d4 Bg7 3.Nc3 c6 4.Nf3 d5 5.h3 Nf6 6.e5 Ne4 7.Bd3 Nxc3 8.bxc3 c5
9.O-O c4 10.Be2 Qa5 11.Qd2 Qa4 12.Nh4 Nc6 13.f4 f5 14.g4 e6 15.Bf3 Bd7 16.g5 O-O-O
17.Kf2 b5 18.a3 Bf8 19.Bb2 Be7 20.Rh1 Be8 21.Ng2 Bf7 22.h4 h5 23.Rhb1 Nb8
24.Bc1 Nd7 25.Ne3 Nb6 26.Qe1 Qa5 27.Bd2 Na4 28.Ra2 Be8 29.Rba1 Bc6 30.Nd1 Qc7
31.Nb2 Nxb2 32.Rxb2 Kd7 33.Kg3 Rb8 34.Bd1 Rb6 35.Be2 Ra6 36.Rba2 Ra4 37.Qc1 Rb8
38.Qb2 Qd8 39.Bf3 Qf8 40.Bd1 Ke8 41.Kf2 Kf7 42.Ke3 Bd7 43.Bc1 Qd8 44.Qb1 Rb6
45.Bb2 Rba6 46.Kd2 Qb6 47.Bf3 Kg7 48.Be2 Be8 49.Bf3 Qc6 50.Ke3 Bd8 51.Kd2 Rb6
52.Qe1 Rb8 53.Ke3 Bb6 54.Be2 Rc8 55.Bc1 Ra8 56.Bb2 Bd8 57.Kd2 Be7 58.Qb1  1/2-1/2

[Event "Rimavska Sobota"]
[Site "Rimavska Sobota"]
[Date "1991.??.??"]
[Round "7"]
[White "Csom, Istvan"]
[Black "Polgar, Sofia"]
[Result "0-1"]
[WhiteElo "2480"]
[BlackElo "2425"]

1.d4 d5 2.Nf3 Nf6 3.g3 Bf5 4.Bg2 c6 5.Nbd2 e6 6.Nh4 Bg4 7.h3 Bh5 8.g4 Bg6
9.Nxg6 hxg6 10.c4 Nbd7 11.e3 Qc7 12.Qc2 O-O-O 13.Nb3 dxc4 14.Qxc4 Nb6 15.Qc2 Bb4+
16.Bd2 Bxd2+ 17.Nxd2 Nfd5 18.Nf3 Nd7 19.O-O-O Qa5 20.Kb1 Kb8 21.Nd2 g5 22.a3 Qc7
23.Rc1 N7b6 24.Ne4 f6 25.Nc5 Qf7 26.Qb3 Ka8 27.Rc2 Rb8 28.Rhc1 Rhe8 29.Nd3 Nc8
30.e4 Nc7 31.Nb4 Rd8 32.Rd2 Qe7 33.Rcd1 e5 34.dxe5 Rxd2 35.Rxd2 Qxe5 36.Nd3 Qh2
37.Bf3 Qxh3 38.Nc5 Nb6 39.Qd3 Qh2 40.a4 Qe5 41.Qc3 Qxc3 42.bxc3 Nc4 43.Rd4 Ne5
44.Bd1 Re8 45.f3 b6 46.Nd7 Ne6 47.Rd6 Nxd7 48.Rxd7 Rd8 49.Rxd8+ Nxd8 50.Kc2 Kb7
51.Kd3 Nf7 52.Ke3 Kc7 53.f4 Kd6 54.Bb3 Ke7 55.fxg5 Nxg5 56.Kf4 g6 57.Bd1 Ne6+
58.Ke3 Kd6 59.Bb3 g5  0-1

[Event "Rimavska Sobota"]
[Site "Rimavska Sobota"]
[Date "1991.??.??"]
[Round "8"]
[White "Polgar, Sofia"]
[Black "Molnar, Vojtech"]
[Result "1-0"]
[WhiteElo "2425"]
[BlackElo "2300"]

1.e4 e6 2.d4 d5 3.Nc3 Bb4 4.e5 b6 5.a3 Bf8 6.Bb5+ c6 7.Ba4 Ba6 8.Nf3 Qd7
9.Ne2 Bb5 10.Bb3 c5 11.c3 Nc6 12.O-O Nge7 13.Bc2 a5 14.Re1 a4 15.Nf4 g6 16.h4 h5
17.Be3 c4 18.Ng5 Nd8 19.g4 hxg4 20.Qxg4 Qc6 21.h5 gxh5 22.Nxh5 Kd7 23.Kg2 Kc7
24.Rh1  1-0

[Event "Rimavska Sobota"]
[Site "Rimavska Sobota"]
[Date "1991.??.??"]
[Round "10"]
[White "Polgar, Sofia"]
[Black "Jansa, Vlastimil"]
[Result "1-0"]
[WhiteElo "2425"]
[BlackElo "2495"]

1.e4 c5 2.Nf3 d6 3.d4 cxd4 4.Nxd4 Nf6 5.Nc3 a6 6.a4 e6 7.f4 Be7 8.Be2 O-O
9.O-O Qc7 10.Kh1 b6 11.e5 dxe5 12.fxe5 Nfd7 13.Bf4 Bb7 14.Qe1 Nc6 15.Nxc6 Bxc6
16.Qg3 Kh8 17.Rae1 Nc5 18.Qh3 Rad8 19.Bf3 Rd4 20.Bxc6 Qxc6 21.Qh5 Qe8 22.Qe2 Nxa4
23.Qxa6 Bb4 24.Re3 Bxc3 25.bxc3 Rd5 26.Qe2 Rc5 27.c4 Nb2 28.Rh3 f5 29.exf6 Rxf6
30.Qe4 h6 31.Rxh6+ Rxh6 32.Bxh6 Nxc4 33.Qh4 Kg8 34.Bxg7 Kxg7 35.Qf6+ Kh7
36.Rf3 Rh5 37.Rg3 Qh8  1-0

[Event "Rimavska Sobota"]
[Site "Rimavska Sobota"]
[Date "1991.??.??"]
[Round "11"]
[White "Lutz, Christopher"]
[Black "Polgar, Sofia"]
[Result "1-0"]
[WhiteElo "2500"]
[BlackElo "2425"]

1.d4 d5 2.c4 e6 3.Nf3 Nf6 4.Nc3 c6 5.Bg5 dxc4 6.e4 b5 7.a4 Bb7 8.axb5 cxb5
9.Nxb5 Bxe4 10.Bxc4 Bb4+ 11.Nc3 O-O 12.O-O Bb7 13.Re1 Nbd7 14.Qb3 a5 15.Ne5 Nb6
16.Nxf7 Rxf7 17.Bxe6 Qe8 18.Re5 Kf8 19.Bxf7 Qxf7 20.Qxf7+ Kxf7 21.Rb5 Nfd7
22.Na4 Nxa4 23.Rxb7 Nb6 24.d5 Ke8 25.Rd1 Rc8 26.h4 Rc2 27.b3 Bc5 28.Re1+ Kf8
29.Be3 Bxe3 30.Rxe3 Nxd5 31.Rf3+ N7f6 32.Rb5 Ke7 33.Rxa5 Rc1+ 34.Kh2 Ng4+
35.Kg3 Ndf6 36.Rg5 h5 37.Rxg7+ Ke6 38.Ra7 Rc5 39.Ra6+ Ke5 40.Ra2 Ne4+ 41.Kh3 Rb5
42.Re2 Kd4 43.Rf4 Kd3 44.Rfxe4 Nxf2+ 45.Rxf2 Kxe4 46.Rf3 Rb8 47.Rc3 Kf5 48.Rg3 Kf6
49.Rg5 Rxb3+ 50.g3 Rb4 51.Rxh5 Kg6 52.Ra5 Rc4 53.Ra6+ Kg7 54.h5 Rb4 55.g4 Rb5
56.Kh4 Rb7 57.h6+ Kh7 58.Kh5 Rc7 59.g5 Rc5 60.Ra7+ Kh8 61.Re7 Ra5 62.Kg6 Ra8
63.Kf6 Rb8 64.g6 Ra8 65.Rd7 Ra6+ 66.Kf7 Ra8 67.Ke7 Rf8 68.g7+  1-0

[Event "Rimavska Sobota"]
[Site "Rimavska Sobota"]
[Date "1991.??.??"]
[Round "12"]
[White "Hracek, Zbynek"]
[Black "Polgar, Sofia"]
[Result "1/2-1/2"]
[WhiteElo "2485"]
[BlackElo "2425"]

1.e4 c5 2.Nf3 Nc6 3.Bb5 e6 4.Bxc6 bxc6 5.O-O Ne7 6.d3 Ng6 7.Nbd2 d6 8.Nc4 Be7
9.Bd2 O-O 10.Ba5 Qd7 11.e5 d5 12.Ne3 f6 13.Re1 Qb7 14.Rb1 Nxe5 15.Nxe5 fxe5
16.Ng4 Bd6 17.Bc3 e4 18.dxe4 d4 19.b4 Qd7 20.bxc5 Bxc5 21.Ne5 Qc7 22.Nd3 Bb6
23.Bd2 c5 24.f3 c4 25.Nf2 d3 26.Be3 Ba5 27.Rf1 Ba6 28.cxd3 cxd3 29.Qa4 d2
30.Bxd2 Bxf1 31.Bxa5 Qc4 32.Qa3 Be2 33.Bc3 Rf7 34.Ng4 Rc7 35.Be5 Rd7 36.Re1 Bd3
37.Rc1 Qb5 38.Qc3 Qb6+ 39.Nf2 Ba6 40.Qe1 Rad8 41.h3 Qb5 42.Bf4 Qa4 43.Kh2 Rf8
44.Be5 Qxa2 45.Ng4 h5 46.Ne3 Qe2 47.Qxe2 Bxe2 48.Rc5 Ra8 49.Bc3 Rb8 50.Kg3 Rb5
51.Rc8+ Kf7 52.h4 Rbb7 53.Be5 a5 54.Nc2 Ba6 55.Nd4 Rb2 56.Rc5 a4 57.Ra5 Bf1
58.Rxa4 Rxg2+ 59.Kf4 Rh2 60.Kg3 Rd2 61.Kf4 Rh2 62.Kg3 Rg2+ 63.Kf4 Rb7 64.Ra5 Bc4
65.Rc5 Ba2 66.Ra5 Kg6 67.Ra6 Rf7+ 68.Ke3 Re7 69.Rc6 Kh7 70.Ra6 Rb7 71.Kf4 Rf7+
72.Ke3 Re7 73.Kf4 Rf7+ 74.Ke3 Rb7 75.Kf4 Rb1 76.Ra7 Rd1 77.Ke3 Re1+ 78.Kf4 Rd1
79.Ke3 Re1+  1/2-1/2

[Event "San Sebastian op"]
[Site "San Sebastian"]
[Date "1991.??.??"]
[Round "4"]
[White "Ubilava, Elizbar"]
[Black "Polgar, Sofia"]
[Result "1-0"]
[WhiteElo "2535"]
[BlackElo "2425"]

1.b3 d5 2.Bb2 Nf6 3.e3 Bf5 4.c4 e6 5.cxd5 exd5 6.Qf3 Bg6 7.Bxf6 Qxf6 8.Qxf6 gxf6
9.Nf3 c6 10.Be2 a5 11.O-O a4 12.Nc3 b5 13.Nd4 Kd8 14.f4 f5 15.h4 h5 16.Rab1 axb3
17.axb3 Bg7 18.Nc2 Re8 19.d4 b4 20.Na4 Bf8 21.Nc5 Bxc5 22.dxc5 Ra5 23.Kf2 Rxc5
24.Nxb4 Kc7 25.Nd3 Rc2 26.Rfc1 Rxc1 27.Rxc1 f6 28.b4 Re4 29.Ra1 Kb6 30.Ra8 Kb7
31.Ra2 Kb6 32.Bf3 Rc4 33.b5 Bf7 34.bxc6 Nxc6 35.Ra8 Kc7 36.Rh8 Rc2+ 37.Kg3 Rc3
38.Rh7 Nd8 39.Nb4 Kd6 40.Kf2 Rb3 41.Rh8 Nb7 42.Na6 Rb6 43.Nc7 Nc5 44.Rh7 Bg6
45.Rg7 Ne4+ 46.Kg1 Rb1+ 47.Kh2 Nd2 48.Be2 Nc4 49.Nxd5 Kxd5 50.Rxg6 Nxe3 51.Rxf6 Ng4+
52.Bxg4 fxg4 53.Rf5+ Ke4 54.Rxh5 Kxf4 55.Rg5 Rb3 56.Rg8 Rc3 57.Rf8+ Ke4 58.h5 Rc5
59.Kg3 Rxh5 60.Kxg4 Rh7 61.Re8+ Kd5 62.Kf5 Rf7+  1-0

[Event "San Sebastian op"]
[Site "San Sebastian"]
[Date "1991.??.??"]
[Round "5"]
[White "Polgar, Sofia"]
[Black "De la Riva Aguado, Oscar"]
[Result "1-0"]
[WhiteElo "2425"]
[BlackElo "2360"]

1.e4 g6 2.d4 Bg7 3.f4 d5 4.e5 c5 5.dxc5 f6 6.Nf3 Bg4 7.Bb5+ Nc6 8.O-O Nh6
9.h3 Bxf3 10.Rxf3 O-O 11.Bxc6 bxc6 12.e6 f5 13.c3 Qc8 14.Qe1 d4 15.cxd4 Bxd4+
16.Kh2 Bxc5 17.Bd2 Bd4 18.Bc3 Bf6 19.Nd2 c5 20.b3 Qa6 21.Nc4 Rad8 22.a4 Kg7
23.Bxf6+ Rxf6 24.Re3 Ng8 25.Re5 Rd4 26.Qa5 Qxa5 27.Nxa5 Rxf4 28.Rae1 Rf2
29.R1e2 Rxe2 30.Rxe2 Rf8 31.Rc2 Kf6 32.Rxc5 Kxe6 33.Rc6+ Kd5 34.b4 e5 35.Rc5+ Ke4
36.Nc6 Re8 37.b5 f4 38.a5 Nf6 39.Nxa7 f3 40.gxf3+ Kxf3 41.Rc3+ Kf2 42.b6 e4
43.b7 e3 44.Rc8 e2 45.b8=Q e1=Q 46.Qg3+  1-0

[Event "San Sebastian op"]
[Site "San Sebastian"]
[Date "1991.??.??"]
[Round "7"]
[White "Polgar, Sofia"]
[Black "Komljenovic, Davor"]
[Result "0-1"]
[WhiteElo "2425"]
[BlackElo "2490"]

1.e4 c5 2.Nf3 d6 3.d4 cxd4 4.Nxd4 Nf6 5.Nc3 g6 6.Be3 Bg7 7.f3 Nc6 8.Qd2 O-O
9.g4 Bxg4 10.fxg4 Nxg4 11.Nb3 a5 12.a4 Nxe3 13.Qxe3 Nb4 14.O-O-O Rc8 15.Nd4 Qb6
16.Kb1 Rc5 17.Nb3 Nxc2 18.Kxc2 Rxc3+ 19.Qxc3 Bxc3 20.bxc3 Qf2+ 21.Rd2 Qf3
22.Bg2 Qe3 23.Rhd1 Rc8 24.Rd3 Qf2+ 25.R1d2 Qg1 26.h3 b6 27.Kb2 Rc4 28.Rd4 Rxd4
29.Nxd4 Qe3 30.Rc2 Kg7 31.Kb3 Qd3 32.Rf2 Qd1+ 33.Kb2 Qxa4 34.Bf1 Qd7 35.Bc4 e6
36.Rd2 Qc8 37.Ba2 Qb7 38.Nb5 Qxe4 39.Nxd6 Qf4 40.Rd3 Qf2+ 41.Ka3 Qc5+ 42.Ka4 Qc6+
43.Nb5 Qe4+ 44.Rd4 Qg2 45.Bc4 Qxh3 46.Rd7 g5 47.Kb3 Kg6 48.Bd3+ f5 49.Rd6 Kh5
50.Be2+ g4 51.Bc4 Qh1 52.Nd4 Qb1+ 53.Ka4 Qa1+ 54.Kb3 a4+ 55.Kc2 b5 56.Bxe6 a3
57.Ra6 b4 58.Ne2 Qb2+ 59.Kd3 Qb1+ 60.Kd2 b3 61.Bxf5 Qb2+ 62.Ke3 a2 63.Bxh7 a1=Q
64.Nf4+ Kh4  0-1

[Event "Vienna op"]
[Site "Vienna"]
[Date "1991.??.??"]
[Round "4"]
[White "Polgar, Sofia"]
[Black "Lindemann, Sven"]
[Result "1-0"]
[WhiteElo "2430"]
[BlackElo "2265"]

1.e4 c5 2.Nf3 d6 3.d4 cxd4 4.Nxd4 Nf6 5.Nc3 g6 6.Be3 Bg7 7.f3 Nc6 8.Qd2 O-O
9.g4 Be6 10.O-O-O Nxd4 11.Bxd4 Qa5 12.a3 Rfc8 13.h4 Rab8 14.h5 b5 15.hxg6 b4
16.Nd5 Bxd5 17.g5 e5 18.gxf6 Bxf6 19.gxh7+ Kh8 20.Rg1 exd4 21.Qh6 Rxc2+ 22.Kxc2 Qa4+
23.Kd2 Be5 24.Bb5  1-0

[Event "Vienna op"]
[Site "Vienna"]
[Date "1991.??.??"]
[Round "5"]
[White "Tischbierek, Raj"]
[Black "Polgar, Sofia"]
[Result "0-1"]
[WhiteElo "2480"]
[BlackElo "2430"]

1.e4 c5 2.g3 d5 3.exd5 Qxd5 4.Nf3 Bg4 5.Bg2 Qe6+ 6.Kf1 Nc6 7.h3 Bh5 8.d3 Qd7
9.Na3 e5 10.Be3 Nf6 11.Nc4 Qc7 12.Qe1 Be7 13.Nfxe5 Nb4 14.Qd2 Nfd5 15.a3 Nxe3+
16.fxe3 f6 17.axb4 fxe5 18.b5 O-O+ 19.Kg1 e4 20.Bxe4 Bf3 21.Kh2 Bxh1 22.Bxh1 Rad8
23.Rxa7 Bh4 24.Qe1 Rf6 25.b6 Qf7 26.Ne5 Qe6 27.Ng4 Rf7 28.gxh4 h5 29.c4 Qxb6
30.Ne5 Qxb2+ 31.Kg1 Qxe5 32.Bd5 Rxd5 33.cxd5 Rf3 34.Ra8+ Kh7 35.e4 Rg3+ 36.Kh2  0-1

[Event "Vienna op"]
[Site "Vienna"]
[Date "1991.??.??"]
[Round "8"]
[White "Polgar, Sofia"]
[Black "Binham, Timothy F"]
[Result "1-0"]
[WhiteElo "2430"]
[BlackElo "2330"]

1.e4 e6 2.d4 d5 3.Nc3 Nf6 4.Bg5 Be7 5.e5 Nfd7 6.Bxe7 Qxe7 7.f4 O-O 8.Nf3 c5
9.Qd2 Nc6 10.O-O-O Nb6 11.dxc5 Qxc5 12.Bd3 Bd7 13.Nb5 Nb4 14.Nd6 Nc8 15.Ng5 Nxd6
16.Bxh7+ Kh8 17.exd6 g6 18.a3 Nxc2 19.Qxc2 Qxd6 20.Qc3+ f6 21.Kb1 Qxf4 22.Bxg6 Kg7
23.Nh3  1-0

[Event "Vienna op"]
[Site "Vienna"]
[Date "1991.??.??"]
[Round "9"]
[White "Polgar, Sofia"]
[Black "Shchekachev, Andrei"]
[Result "1-0"]
[WhiteElo "2430"]
[BlackElo "2470"]

1.e4 d6 2.d4 g6 3.Nc3 Bg7 4.f4 Nf6 5.Nf3 c5 6.e5 Nfd7 7.Be3 O-O 8.exd6 exd6
9.Be2 Qa5 10.O-O Nf6 11.Kh1 Re8 12.Bg1 Nc6 13.Bc4 Bg4 14.dxc5 dxc5 15.Qd6 Bxf3
16.Rxf3 Nd4 17.Bxd4 cxd4 18.Qxd4 Rad8 19.Qf2 b5 20.Bxb5 Ne4 21.Qh4 Bf6 22.Qh3 Bxc3
23.Bxe8 Bxb2 24.Bxf7+ Kxf7 25.Qxh7+ Kf6 26.Raf1 Qh5 27.Qb7  1-0

[Event "Wch U18"]
[Site "?"]
[Date "1991.??.??"]
[Round "?"]
[White "Polgar, Sofia"]
[Black "Garcia Nunez, Albert"]
[Result "1-0"]
[WhiteElo "2425"]
[BlackElo "2205"]

1.e4 c5 2.Nf3 Nf6 3.Nc3 d6 4.d4 cxd4 5.Nxd4 Nc6 6.Be3 e5 7.Nf3 Be7 8.Bc4 Be6
9.Bb3 h6 10.Qe2 a6 11.O-O O-O 12.Rfd1 b5 13.Nd5 Bxd5 14.Bxd5 Nxd5 15.Rxd5 Qc7
16.c3 Na5 17.Nd2 Nc4 18.Nf1 f5 19.exf5 Rxf5 20.Ng3 Rf7 21.Ne4 Nb6 22.Bxb6 Qxb6
23.Kh1 Rd8 24.Rad1 Bf8 25.Qg4 Kh8 26.Qg6 Qc7 27.f3 Rfd7 28.b3 Rc8 29.f4 exf4
30.Rh5 Be7 31.Rdd5 Qb7 32.Rxh6+ gxh6 33.Qxh6+ Kg8 34.Qg6+ Kf8 35.Rf5+ Bf6
36.Nxf6 Rf7 37.Nh7+  1-0

[Event "Wch U18"]
[Site "?"]
[Date "1991.??.??"]
[Round "?"]
[White "Polgar, Sofia"]
[Black "Kramnik, Vladimir"]
[Result "0-1"]
[WhiteElo "2425"]
[BlackElo "2480"]

1.e4 c5 2.Nf3 Nc6 3.d4 cxd4 4.Nxd4 Nf6 5.Nc3 e5 6.Ndb5 d6 7.Bg5 a6 8.Na3 b5
9.Bxf6 gxf6 10.Nd5 f5 11.Bd3 Be6 12.c3 Bg7 13.O-O Bxd5 14.exd5 Ne7 15.Qh5 e4
16.Bc2 Qa5 17.Rae1 Ra7 18.Kh1 Bxc3 19.bxc3 Qxa3 20.Bb3 Qb2 21.f3 Rg8 22.g3 f4
23.fxe4 fxg3 24.Rxf7 Kd8 25.Qh6 Qxc3 26.Rf8+ Rxf8 27.Qxf8+ Kd7 28.Rf1 Qe3
29.Qf4 Qxf4 30.Rxf4 gxh2 31.Bd1 Kc7 32.Rf7 Kb6 33.Rxh7 Rc7 34.Kxh2 Nxd5 35.Rxc7 Nxc7
36.Kg3 Kc5 37.Kf4 Kd4 38.Kf5 b4 39.Ba4 a5 40.Bc6 Kc5 41.Bd7 Nb5 42.e5 dxe5
43.Kxe5 Nc3 44.Be6 Nxa2 45.Bxa2 a4  0-1

[Event "Wch U18"]
[Site "?"]
[Date "1991.??.??"]
[Round "?"]
[White "Polgar, Sofia"]
[Black "Sakaev, Konstantin"]
[Result "0-1"]
[WhiteElo "2425"]
[BlackElo "2450"]

1.e4 c5 2.Nf3 e6 3.d4 cxd4 4.Nxd4 Nf6 5.Nc3 d6 6.Be2 Be7 7.O-O O-O 8.f4 Nc6
9.Be3 e5 10.fxe5 dxe5 11.Nf5 Bxf5 12.Rxf5 g6 13.Rf2 Qxd1+ 14.Rxd1 Kg7 15.h3 Rac8
16.g4 h6 17.Kg2 a6 18.Bb6 Bb4 19.Bd3 Bxc3 20.bxc3 Nd8 21.Bxd8 Rfxd8 22.Rdf1 Rc6
23.c4 Rd7 24.Kg3 Ne8 25.h4 Nd6 26.g5 hxg5 27.hxg5 Nxc4 28.Rh1 Nb2 29.Rfh2 Kf8
30.Rd2 Rc3 31.Rh8+ Ke7 32.Kg4 Nxd3 33.Rh3 Rc4 34.cxd3 Rxe4+ 35.dxe4 Rxd2
36.Rb3 b5 37.Ra3 Rd6 38.Rc3 Rd4 39.Kf3 Rc4 40.Rd3 Rd4  0-1

[Event "Aruba"]
[Site "Aruba"]
[Date "1992.??.??"]
[Round "3"]
[White "Polgar, Sofia"]
[Black "Gulko, Boris F"]
[Result "1/2-1/2"]
[WhiteElo "2415"]
[BlackElo "2560"]

1.e4 e6 2.d4 d5 3.Nc3 Nf6 4.Bg5 Be7 5.e5 Nfd7 6.Bxe7 Qxe7 7.f4 a6 8.Nf3 c5
9.dxc5 Nc6 10.Qd2 Nxc5 11.Bd3 O-O 12.O-O-O f5 13.exf6 Qxf6 14.g3 Bd7 15.Ng5 Nxd3+
16.Qxd3 Qf5 17.Qxf5 Rxf5 18.Rhe1 Re8 19.Nge4 Rff8 20.Nc5 Bc8 21.Rd2 Re7 22.Nb3 h6
23.Rde2 Rc7 24.Na4 Rf6 25.Nb6 Kf7 26.Kd2 g5 27.c3 gxf4 28.gxf4 Rxf4 29.Nxc8 Rxc8
30.Rxe6 Rf2+ 31.R1e2 Rxe2+ 32.Rxe2 Kf6 33.Nc5 Ne5 34.b4 a5 35.Nxb7 Nc4+ 36.Kd3 axb4
37.cxb4 Rb8 38.Na5 Rxb4 39.Nxc4  1/2-1/2

[Event "Aruba"]
[Site "Aruba"]
[Date "1992.??.??"]
[Round "6"]
[White "Polgar, Sofia"]
[Black "Pliester, Leon"]
[Result "1-0"]
[WhiteElo "2415"]
[BlackElo "2355"]

1.e4 c5 2.Nf3 d6 3.d4 cxd4 4.Nxd4 Nf6 5.Nc3 a6 6.f4 e6 7.Qf3 Qc7 8.g4 Nc6
9.Nb3 b5 10.g5 Nd7 11.Be3 b4 12.Na4 Bb7 13.Qf2 g6 14.Nb6 Nxb6 15.Bxb6 Qe7
16.O-O-O h6 17.e5 d5 18.gxh6 Bxh6 19.Bc5 Qd8 20.Kb1 Bf8 21.Bxf8 Kxf8 22.h4 Ne7
23.Bh3 Nf5 24.Bxf5 gxf5 25.Nd4 Rc8 26.Rdg1 Qb6 27.h5 Ke8 28.h6 Rc4 29.h7 Kd7
30.Rg8 Rxh7 31.Rxh7 Rxd4 32.Rxf7+ Kc6 33.Qf1 Rd2 34.Re8 Qe3 35.Rxe6+ Kc5
36.Rc7+ Kd4 37.Rxb7 Re2 38.Qd1+ Rd2 39.Qc1 Qe2 40.Rxb4+ Kc5 41.Qg1+  1-0

[Event "Aruba"]
[Site "Aruba"]
[Date "1992.??.??"]
[Round "9"]
[White "Psakhis, Lev"]
[Black "Polgar, Sofia"]
[Result "1-0"]
[WhiteElo "2605"]
[BlackElo "2415"]

1.e4 c5 2.Nf3 Nc6 3.Bb5 e6 4.O-O Nge7 5.c3 a6 6.Ba4 b5 7.Bc2 Bb7 8.Re1 d5
9.e5 d4 10.Be4 d3 11.a4 Ng6 12.axb5 axb5 13.Rxa8 Bxa8 14.Na3 Be7 15.Nxb5 O-O
16.Qa4 Qb8 17.Na3 Qc7 18.g3 Kh8 19.Nc4 Bb7 20.Bxd3 Nb4 21.Be2 Nd3 22.Bxd3 Bxf3
23.Bf1 Ba8 24.Bg2 Bxg2 25.Kxg2 Qb7+ 26.f3 f6 27.exf6 Rxf6 28.Re4 Qd5 29.Qd1 Qd3
30.Qf1 Qb1 31.d3 Qc2+ 32.Bd2 h6 33.Qe2 Kh7 34.Rxe6 Rxe6 35.Qxe6 Qxd3 36.Qe4  1-0